Εφαρμογές περιγραφικής στατιστικής

Αποθηκεύτηκε σε:
Λεπτομέρειες βιβλιογραφικής εγγραφής
Κύριος συγγραφέας: Κιόχος, Πέτρος Α.
Μορφή: Βιβλίο
Γλώσσα:Greek
Δημοσίευση: Πειραιάς : Σταμούλης, 1990
Θέματα:
Ετικέτες: Προσθήκη ετικέτας
Δεν υπάρχουν, Καταχωρήστε ετικέτα πρώτοι!

MARC

LEADER 00000cam a2200000 i 4500
001 1/15486
008 010122s1990 gre d
035 |l 10065425 
040 |a GR-MY-UA  |b gre  |e aacr 
041 0 |a gre 
082 0 |a 519.5 
100 1 |a Κιόχος, Πέτρος Α. 
245 1 0 |a Εφαρμογές περιγραφικής στατιστικής /  |c Πέτρου Α. Κιόχου 
260 |a Πειραιάς :   |b Σταμούλης,   |c 1990 
300 |a 285 σ. 
650 0 0 |a Mathematical statistics. 
852 |a INST  |b CHIOS  |e 20010122  |h 519.5 ΚΙΟ  |p 005200016949  |q 005200016949  |t BK  |y 0 
901 |a BIBL2-2001-1 
909 |a Χ  |b 076274 
970 |a ΣΑΛΑΜΟΥΡΑ  |b ΜΑΡΙΑ  |z 2001/01/22